• 首页
  • 本馆介绍
  • 公告通知
  • 最新文献
  • 馆藏检索
  • 电子资源
  • 读者导购
  • 参考咨询
  • 我的图书馆
  • 登录
  • 详细信息显示
  • 放入我的书架
  • 预约/预借图书
  • 作者相关作品
  • 分类相关作品
  • 丛书相关作品
  • 出版社相关作品

书目信息

  • 表格格式
  • 工作单格式
  • 卡片格式
题名:
工程力学
    
 
作者: 北京钢铁学院 , 东北工学院 编
分册: 上册   静力学
出版信息: 北京   人民教育出版社  1979
页数: 176页
开本: 20cm
丛书名:
单 册:
中图分类: TB12
科图分类:
主题词: 工程力学
电子资源:
ISBN:
000 00670nam0 2200217 45
001 0312221749
005 20060818163758.79
010    @dCNY0.49
100    @a20031222d1979 km y0chiy0120 ea
101    @achi
200 1  @a工程力学@h上册@i静力学@AGong Cheng Li Xue@f北京钢铁学院,东北工学院编@Fbei jing gang tie xue yuan,dong bei gong xue yuan bian
210    @a北京@c人民教育出版社@d1979
215    @a176页@d20cm
300    @a高等学校试用教材
517    @a静力学@Ajing li xue
606 0  @a工程力学
690    @aTB12@v3
701 0  @a北京钢铁学院@Abei jing gang tie xue yuan@4编
701 0  @a东北工学院@4编
801    @aCN@bTSTCL@c20060818
905    @a213230@dTB12@e118:1
    
    工程力学.上册.静力学/北京钢铁学院,东北工学院编.-北京:人民教育出版社,1979
    176页;20cm
    高等学校试用教材
    
    ISBN :CNY0.49
    
●
相关链接 在E读中查询图书 在五车中查询图书 在当当中查询图书 在豆瓣中查询图书


正题名:工程力学     索取号:TB12/118:1         预约/预借

序号 登录号 条形码 馆藏地/架位号 状态 备注
1 0458834   204588348   密集书库/ [索取号:TB12/118:1] 在馆    
唐山师范学院图书馆 欢迎您!
大连网信软件有限公司© 版权所有